| 000 | 01033cam a2200133 4500500 | ||
|---|---|---|---|
| 005 | 20251012042459.0 | ||
| 041 | _afre | ||
| 042 | _adc | ||
| 100 | 1 | 0 |
_aFeller, Guy-Joseph _eauthor |
| 245 | 0 | 0 | _aLes carambars de la récré ! : Une école de village en Pédagogie Freinet dans les années 60 |
| 260 |
_bL'Harmattan,
_c2005. |
||
| 520 | _aAprès les frasques et les aventures de libres enfants de Favières, on retrouve dans ce deuxième tome cette fratrie d’enfants farouches, fiers et turbulents, au sein de son école. Ce livre-témoignage se veut aussi comme un hommage fort et souvent émouvant à un couple d’instituteurs, Jean et Simone Beauvier, qui réussirent à faire grandir ces «petites âmes» pour en faire des hommes. Ce Carambars de la récré est aussi un hymne à la vie et à une pédagogie exceptionnelle, celle qui fut initiée par un pédagogue hors du commun, Célestin Freinet. | ||
| 856 | 4 | 1 | _uhttps://shs.cairn.info/les-carambars-de-la-recre--9782747582636?lang=fr&redirect-ssocas=7080 |
| 999 |
_c1548795 _d1548795 |
||